[Event "18th Izmir Open 2019"]
[Site "Izmir"]
[Date "2019.09.07"]
[Round "9.5"]
[White "Demirbag, Alihan"]
[Black "Salman, Ilhan Serhat"]
[Result "1-0"]
[WhiteElo "2121"]
[BlackElo "2037"]
[Annotator "RC"]
[PlyCount "115"]
[EventDate "2019.09.02"]
[EventType "swiss"]
[EventCountry "TUR"]
[SourceTitle "playchess.com"]
[Source "ChessBase"]
[SourceQuality "1"]
[TimeControl "5400+30"]

1. e4 {[%emt 0:00:30]} d5 {[%emt 0:02:30]} 2. exd5 {[%emt 0:00:30]} Qxd5 {[%emt 0:00:30]} 3. Nc3 {[%emt 0:01:30]} Qd8 {[%emt 0:00:30]} 4. d4 {[%emt 0:04:30]} Nf6 {[%emt 0:00:30]} 5. Nf3 {[%emt 0:01:30]} g6 {[%emt 0:01:30]} 6. Be3 {[%emt 0:02:30]} Bg7 {[%emt 0:01:30]} 7. Qd2 {[%emt 0:01:30]} O-O {[%emt 0:01:30]} 8. Be2 {[%emt 0:08:30]} a6 {[%emt 0:11:30]} 9. Ne5 {[%emt 0:03:30]} Nbd7 {[%emt 0:02:30]} 10. f4 {[%emt 0:03:30]} Nb6 {[%emt 0:05:30]} 11. O-O {[%emt 0:04:30]} Nfd5 {[%emt 0:04:30]} 12. Nxd5 {[%emt 0:01:30]} Nxd5 {[%emt 0:00:00]} 13. Bf2 {[%emt 0:04:30]} f6 {[%emt 0:05:00]} 14. Nd3 {[%emt 0:03:30]} Rb8 {[%emt 0:21:30]} 15. c4 {[%emt 0:02:30]} Nb6 {[%emt 0:00:30]} 16. Rac1 {[%emt 0:00:30]} Be6 {[%emt 0:01:30]} 17. b3 {[%emt 0:01:30]} Bf7 {[%emt 0:00:30]} 18. Rfd1 {[%emt 0:03:30]} e6 {[%emt 0:06:30]} 19. Bf3 {[%emt 0:03:30]} Nc8 {[%emt 0:04:30]} 20. Nc5 {[%emt 0:03:30]} Nd6 {[%emt 0:03:30]} 21. Re1 {[%emt 0:02:30]} Re8 {[%emt 0:01:30]} 22. Re2 {[%emt 0:02:30]} e5 {[%emt 0:04:51]} 23. fxe5 {[%emt 0:00:30]} fxe5 {[%emt 0:00:06]} 24. d5 {[%emt 0:00:30]} Nf5 {[%emt 0:02:22]} 25. Rce1 {[%emt 0:01:30]} h5 {[%emt 0:10:47]} 26. Nd3 {[%emt 0:04:30]} Nh4 {[%emt 0:06:27]} 27. Be4 {[%emt 0:05:30]} Kh7 {[%emt 0:00:54]} 28. g3 {[%emt 0:03:30]} Nf5 {[%emt 0:00:47]} 29. Bxf5 {[%emt 0:00:00]} gxf5 {[%emt 0:00:00]} 30. Nxe5 {[%emt 0:00:00]} Bxe5 {[%emt 0:00:35]} 31. Rxe5 {[%emt 0:00:00]} Qf6 {[%emt 0:00:30]} 32. Qf4 {[%emt 0:01:00]} Rxe5 {[%emt 0:00:30]} 33. Rxe5 {[%emt 0:00:30]} Kg6 {[%emt 0:00:05]} 34. Bd4 {[%emt 0:00:30]} Qg5 {[%emt 0:00:18]} 35. Qxg5+ {[%emt 0:01:30]} Kxg5 {[%emt 0:00:05]} 36. Re7 {[%emt 0:00:30]} Kg6 {[%emt 0:01:16]} 37. Rxc7 {[%emt 0:00:30]} b5 {[%emt 0:00:14]} 38. Rc6+ {[%emt 0:01:30]} Kg5 {[%emt 0:00:06]} 39. Be3+ {[%emt 0:00:30]} Kg4 {[%emt 0:00:38]} 40. Kg2 {[%emt 0:00:30]} f4 {[%emt 0:00:30]} 41. Bxf4 {[%emt 0:00:00]} Re8 {[%emt 0:00:13]} 42. h3+ {[%emt 0:01:00]} Kf5 {[%emt 0:00:30]} 43. Kf3 {[%emt 0:00:00]} Rg8 {[%emt 0:00:52]} 44. Rxa6 {[%emt 0:00:00]} bxc4 {[%emt 0:00:30]} 45. bxc4 {[%emt 0:00:00]} Rg7 {[%emt 0:00:55]} 46. a4 {[%emt 0:00:00]} Be8 {[%emt 0:01:07]} 47. a5 {[%emt 0:00:30]} Ba4 {[%emt 0:00:00]} 48. Rh6 {[%emt 0:02:30]} Bd1+ {[%emt 0:00:22]} 49. Ke3 {[%emt 0:00:30]} Re7+ {[%emt 0:00:03]} 50. Re6 {[%emt 0:01:30]} Rb7 {[%emt 0:00:32]} 51. Kd4 {[%emt 0:00:30]} Bf3 {[%emt 0:00:50]} 52. a6 {[%emt 0:00:00]} Rb1 {[%emt 0:00:20]} 53. Kc5 {[%emt 0:01:00]} Ra1 {[%emt 0:00:51]} 54. Kb6 {[%emt 0:00:30]} Bg2 {[%emt 0:00:44]} 55. a7 {[%emt 0:00:30]} h4 {[%emt 0:00:31]} 56. Kb7 {[%emt 0:00:30]} hxg3 {[%emt 0:00:33]} 57. Bxg3 {[%emt 0:00:00]} Bxd5+ {[%emt 0:00:24]} 58. cxd5 {[%emt 0:00:00]} 1-0

[Event "18th Izmir Open 2019"]
[Site "Izmir"]
[Date "2019.09.07"]
[Round "9.6"]
[White "Unat, Can Haktan"]
[Black "Bicer, Atakan Mert"]
[Result "1-0"]
[WhiteElo "2100"]
[BlackElo "2035"]
[Annotator "RC"]
[PlyCount "119"]
[EventDate "2019.09.02"]
[EventType "swiss"]
[EventCountry "TUR"]
[SourceTitle "playchess.com"]
[Source "ChessBase"]
[SourceQuality "1"]
[TimeControl "5400+30"]

1. e4 {[%emt 0:00:30]} c5 {[%emt 0:00:30]} 2. Nf3 {[%emt 0:00:30]} e6 {[%emt 0:00:30]} 3. d4 {[%emt 0:00:30]} cxd4 {[%emt 0:00:30]} 4. Nxd4 {[%emt 0:00:30]} Nc6 {[%emt 0:00:30]} 5. Nc3 {[%emt 0:00:30]} Qc7 {[%emt 0:00:30]} 6. f4 {[%emt 0:00:30]} d6 {[%emt 0:00:00]} 7. Nf3 {[%emt 0:00:00]} a6 {[%emt 0:00:00]} 8. Bd3 {[%emt 0:00:00]} Nf6 {[%emt 0:00:30]} 9. O-O {[%emt 0:00:30]} Be7 {[%emt 0:00:30]} 10. Qe1 {[%emt 0:00:00]} Nb4 {[%emt 0:08:30]} 11. Bd2 {[%emt 0:00:00]} Nxd3 {[%emt 0:00:30]} 12. cxd3 {[%emt 0:00:00]} O-O {[%emt 0:00:30]} 13. Kh1 {[%emt 0:00:00]} Rd8 {[%emt 0:00:30]} 14. Rc1 {[%emt 0:00:30]} Qb8 {[%emt 0:00:30]} 15. Ne2 {[%emt 0:00:30]} b6 {[%emt 0:00:30]} 16. Ned4 {[%emt 0:00:30]} Bb7 {[%emt 0:00:30]} 17. Nc6 {[%emt 0:00:30]} Bxc6 {[%emt 0:00:30]} 18. Rxc6 {[%emt 0:00:30]} Qb7 {[%emt 0:00:30]} 19. Rc1 {[%emt 0:11:30]} Rac8 {[%emt 0:17:30]} 20. Bc3 {[%emt 0:00:30]} Rd7 {[%emt 0:16:30]} 21. Qg3 {[%emt 0:07:30]} Rdc7 {[%emt 0:01:30]} 22. Rce1 {[%emt 0:00:00]} d5 {[%emt 0:14:30]} 23. e5 {[%emt 0:03:00]} Nh5 {[%emt 0:00:30]} 24. Qg4 {[%emt 0:03:30]} g6 {[%emt 0:00:30]} 25. Nd4 {[%emt 0:08:30]} Ng7 {[%emt 0:00:30]} 26. Qf3 {[%emt 0:00:30]} h5 {[%emt 0:01:30]} 27. g3 {[%emt 0:08:30]} Rxc3 {[%emt 0:19:11]} 28. bxc3 {[%emt 0:00:30]} Rxc3 {[%emt 0:00:00]} 29. h3 {[%emt 0:00:00]} b5 {[%emt 0:00:43]} 30. g4 {[%emt 0:00:00]} hxg4 {[%emt 0:01:23]} 31. hxg4 {[%emt 0:00:30]} Qb6 {[%emt 0:00:00]} 32. Ne2 {[%emt 0:00:30]} Ra3 {[%emt 0:00:00]} 33. Rc1 {[%emt 0:00:30]} Rxa2 {[%emt 0:02:54]} 34. Rc8+ {[%emt 0:00:30]} Bf8 {[%emt 0:00:48]} 35. Ng3 {[%emt 0:11:30]} b4 {[%emt 0:01:16]} 36. f5 {[%emt 0:00:30]} exf5 {[%emt 0:00:57]} 37. gxf5 {[%emt 0:03:30]} gxf5 {[%emt 0:00:30]} 38. Nh5 {[%emt 0:00:00]} Qh6 {[%emt 0:02:21]} 39. Rg1 {[%emt 0:00:00]} Ra1 {[%emt 0:02:43]} 40. Rxa1 {[%emt 0:02:30]} Nxh5 {[%emt 0:00:04]} 41. Qh3 {[%emt 0:01:30]} Ng3+ {[%emt 0:04:28]} 42. Kh2 {[%emt 0:00:30]} Qxh3+ {[%emt 0:00:30]} 43. Kxh3 {[%emt 0:00:00]} Ne2 {[%emt 0:00:01]} 44. Rxa6 {[%emt 0:00:00]} Kg7 {[%emt 0:00:07]} 45. Raa8 {[%emt 0:03:30]} Nf4+ {[%emt 0:02:09]} 46. Kg3 {[%emt 0:00:30]} Ng6 {[%emt 0:00:12]} 47. Rd8 {[%emt 0:00:30]} d4 {[%emt 0:01:35]} 48. Rxd4 {[%emt 0:00:30]} Nxe5 {[%emt 0:00:25]} 49. Kf4 {[%emt 0:00:30]} Nc6 {[%emt 0:00:28]} 50. Rd5 {[%emt 0:01:30]} b3 {[%emt 0:00:33]} 51. Ra1 {[%emt 0:02:30]} Nb4 {[%emt 0:01:07]} 52. Rg1+ {[%emt 0:01:30]} Kf6 {[%emt 0:00:27]} 53. Rxf5+ {[%emt 0:00:30]} Ke6 {[%emt 0:00:04]} 54. Re5+ {[%emt 0:02:30]} Kd6 {[%emt 0:00:30]} 55. Ke4 {[%emt 0:00:30]} Na2 {[%emt 0:01:01]} 56. Re8 {[%emt 0:00:30]} Bh6 {[%emt 0:00:51]} 57. Rb8 {[%emt 0:00:00]} Nc1 {[%emt 0:00:36]} 58. Rf1 {[%emt 0:00:00]} Ke7 {[%emt 0:00:54]} 59. Rb7+ {[%emt 0:00:30]} Kd6 {[%emt 0:00:11]} 60. Rf6+ {[%emt 0:00:30]} 1-0

[Event "18th Izmir Open 2019"]
[Site "Izmir"]
[Date "2019.09.07"]
[Round "9.7"]
[White "Gonullu, Muhammed Sinan"]
[Black "Mohannad, Farhan"]
[Result "1/2-1/2"]
[WhiteElo "1796"]
[BlackElo "2094"]
[Annotator "NA RC"]
[PlyCount "91"]
[EventDate "2019.09.02"]
[EventType "swiss"]
[EventCountry "TUR"]
[SourceTitle "playchess.com"]
[Source "ChessBase"]
[SourceQuality "1"]
[TimeControl "5400+30"]

1. d4 {[%emt 0:03:30]} g6 {[%emt 0:00:30]} 2. Bg5 {[%emt 0:00:30]} Bg7 {[%emt 0:00:00]} 3. c3 {[%emt 0:00:00]} d6 {[%emt 0:00:00]} 4. Nd2 {[%emt 0:00:00]} Nf6 {[%emt 0:00:30]} 5. e3 {[%emt 0:00:00]} c5 {[%emt 0:00:30]} 6. dxc5 {[%emt 0:00:00]} dxc5 {[%emt 0:00:30]} 7. Bxf6 {[%emt 0:00:00]} Bxf6 {[%emt 0:01:30]} 8. Ne4 {[%emt 0:00:00]} Qxd1+ {[%emt 0:01:30]} 9. Rxd1 {[%emt 0:00:00]} b6 {[%emt 0:00:30]} 10. Bb5+ {[%emt 0:00:00]} Bd7 {[%emt 0:00:30]} 11. Nxf6+ {[%emt 0:00:30]} exf6 {[%emt 0:00:00]} 12. Bxd7+ {[%emt 0:00:30]} Nxd7 {[%emt 0:00:00]} 13. Nf3 {[%emt 0:00:00]} Ke7 {[%emt 0:07:30]} 14. Ke2 {[%emt 0:00:00]} b5 {[%emt 0:00:30]} 15. Rd5 {[%emt 0:00:30]} Rhc8 {[%emt 0:00:30]} 16. Rhd1 {[%emt 0:01:30]} Nb6 {[%emt 0:00:30]} 17. R5d2 {[%emt 0:00:00]} Rc7 {[%emt 0:01:30]} 18. a3 {[%emt 0:01:00]} Nc4 {[%emt 0:01:30]} 19. Rc2 {[%emt 0:00:30]} Nb6 {[%emt 0:11:30]} 20. Ne1 {[%emt 0:00:30]} c4 {[%emt 0:03:30]} 21. Rd4 {[%emt 0:01:30]} Rd8 {[%emt 0:02:30]} 22. Rcd2 {[%emt 0:03:30]} Rxd4 {[%emt 0:07:30]} 23. exd4 {[%emt 0:00:30]} Nd5 {[%emt 0:00:00]} 24. Nc2 {[%emt 0:01:30]} a5 {[%emt 0:01:00]} 25. g3 {[%emt 0:00:30]} Rb7 {[%emt 0:00:30]} 26. Ne3 {[%emt 0:00:00]} Kd6 {[%emt 0:00:00]} 27. Kd1 {[%emt 0:02:00]} Nxe3+ {[%emt 0:05:00]} 28. fxe3 {[%emt 0:00:30]} Re7 {[%emt 0:00:30]} 29. Ke2 {[%emt 0:00:30]} f5 {[%emt 0:00:30]} 30. Rd1 {[%emt 0:00:30]} Kd5 {[%emt 0:00:30]} 31. h4 {[%emt 0:01:30]} h5 {[%emt 0:00:30]} 32. Kf3 {[%emt 0:00:30]} f6 {[%emt 0:00:30]} 33. Rh1 {[%emt 0:00:30]} Rb7 {[%emt 0:01:30]} 34. Ra1 {[%emt 0:00:30]} g5 {[%emt 0:05:30]} 35. hxg5 {[%emt 0:00:30]} fxg5 {[%emt 0:00:30]} 36. Rh1 {[%emt 0:00:30]} Rh7 {[%emt 0:00:30]} 37. Rh2 {[%emt 0:00:00]} Ke6 {[%emt 0:12:30]} 38. e4 {[%emt 0:01:00]} Kf6 {[%emt 0:00:30]} 39. exf5 {[%emt 0:00:30]} Kxf5 {[%emt 0:00:30]} 40. Re2 {[%emt 0:52:30]} g4+ {[%emt 0:00:30]} 41. Kg2 {[%emt 0:01:30]} Rb7 {[%emt 0:00:30]} 42. Re5+ {[%emt 0:00:30]} Kg6 {[%emt 0:00:30]} 43. Re6+ {[%emt 0:00:30]} Kf5 {[%emt 0:00:30]} 44. Re5+ {[%emt 0:00:30]} Kg6 {[%emt 0:00:30]} 45. Re6+ {[%emt 0:00:00]} Kf5 {[%emt 0:00:30]} 46. Re5+ {[%emt 0:00:00]} 1/2-1/2

[Event "18th Izmir Open 2019"]
[Site "Izmir"]
[Date "2019.09.07"]
[Round "9.8"]
[White "Soysal, Serkan"]
[Black "Onturk, Senan Utku"]
[Result "1/2-1/2"]
[WhiteElo "2401"]
[BlackElo "1797"]
[Annotator "TA"]
[PlyCount "122"]
[EventDate "2019.09.02"]
[EventType "swiss"]
[EventCountry "TUR"]
[SourceTitle "playchess.com"]
[Source "ChessBase"]
[SourceQuality "1"]

{[%evp 15,122,18,27,-12,-14,0,0,-29,-20,-34,-34,-35,-22,-35,0,-1,24,23,10,0,32,27,42,29,31,31,31,28,33,35,38,22,29,18,21,22,50,18,18,19,16,22,25,3,31,35,33,36,52,48,50,0,0,-4,0,-30,7,7,6,-14,0,-4,-3,-7,-6,-8,-6,-29,0,0,0,0,0,0,27,0,0,0,0,0,0,0,0,0,0,0,0,0,0,0,0,0,0,0,0,0,0,0,0,0,0,0,0,0,0,0,0,0,0]} 1. d4 Nf6 2. Nf3 g6 3. g3 Bg7 4. Bg2 O-O 5. O-O d5 6. c4 c5 7. cxd5 cxd4 8. Nxd4 Nxd5 9. Nc2 {D73: Fianchetto Grünfeld: 5 Nf3} (9. Nb5 Be6 10. Nd4 {½-½ (12) Sargissian,G (2689)-Grischuk,A (2771) St Petersburg 2018}) 9... Nb6 10. Nc3 Nc6 11. e4 Qxd1 $146 ({Predecessor:} 11... Be6 12. Ne3 Qxd1 13. Rxd1 Rfd8 14. Rxd8+ Rxd8 15. Ncd5 Bxd5 16. Nxd5 Nc4 {0-1 (41) Horrocks,J-Turukin,T Pula 1972}) 12. Rxd1 Be6 13. Nd5 Rfd8 14. Nce3 Bxd5 15. exd5 Nb4 16. a3 Na6 17. Rb1 Rd6 18. b3 Rad8 19. Bd2 R6d7 20. Ba5 Nc7 21. a4 Nc8 22. Rbc1 b6 23. Be1 Nd6 24. Bb4 Na6 25. Ba3 Rb7 26. b4 b5 27. a5 {[%cal Ba4a5,Ba5a6,Ba6b7][%mdl 32]} Rbd7 28. Rc6 Nc7 29. Rdc1 Nce8 30. R1c2 f5 31. Bc1 Nf6 32. a6 Nde4 33. Rc7 Kf7 34. Bf3 Bh6 35. Rb7 Rxb7 (35... Nd6 $5 {[%cal Rd6b7]} 36. Rxd7 Nxd7 $11) 36. axb7 {[#] Rc8 is the strong threat.} Rb8 37. Bxe4 (37. Nxf5 {looks sharper.} gxf5 38. Bxh6 Rxb7 39. Rc6 Rd7 40. Be3) 37... Nxe4 38. Rc7 {Strongly threatening Nxf5!} Nd6 39. Nxf5 $1 gxf5 ({Wrong is} 39... Nxf5 $2 40. Bxh6 Nxh6 41. d6 $18) 40. Bxh6 {[#] aiming for Bf4.} Rxb7 $11 {[%mdl 4096] Endgame KRB-KRN} 41. Rc6 Ne4 42. Be3 Rd7 43. Ra6 Rxd5 44. Rxa7 Rd1+ 45. Kg2 Rb1 {The position is equal.} 46. f3 Rb2+ 47. Kh3 Nf2+ 48. Bxf2 Rxf2 {KR-KR} 49. Rb7 Rxf3 50. Rxb5 Ke6 51. Rb6+ Kd5 52. Rb7 e5 53. Rxh7 Rb3 54. Rh5 Ke4 55. Kg2 Rxb4 56. Rh4+ f4 57. gxf4 exf4 58. Rh3 Rb2+ 59. Kf1 Kf5 60. Kg1 Kg4 61. Rc3 Re2 {Accuracy: White = 71%, Black = 75%.} 1/2-1/2

[Event "18th Izmir Open 2019"]
[Site "Izmir"]
[Date "2019.09.07"]
[Round "9.9"]
[White "Eke, Salih"]
[Black "Yilmaz, Turhan"]
[Result "1-0"]
[WhiteElo "2028"]
[BlackElo "2180"]
[Annotator "TA"]
[PlyCount "122"]
[EventDate "2019.09.02"]
[EventType "swiss"]
[EventCountry "TUR"]
[SourceTitle "playchess.com"]
[Source "ChessBase"]
[SourceQuality "1"]

{[%evp 18,121,59,62,87,55,39,54,74,69,81,51,75,41,110,76,80,65,65,44,99,57,63,60,75,37,38,3,51,33,44,27,35,41,60,72,57,50,61,52,52,2,8,0,18,0,0,-202,50,35,158,122,-22,145,110,119,145,107,240,0,14,-429,-386,-349,196,195,141,62,62,57,71,0,63,0,0,0,0,0,0,0,0,0,0,-184,-183,-156,-95,-29981,-29982,-29991,-29983,-29983,-29984,-29984,-29985,-29985,-29986,-29987,-29987,-29987,-29988,-29995,-29994,-29996,-29996,-29999]} 1. d4 g6 2. c4 Bg7 3. Nf3 Nf6 4. g3 O-O 5. Bg2 d6 6. O-O Nfd7 7. e4 e5 8. Nc3 Nc6 9. Bg5 f6 10. Be3 h6 {A42: Modern Defence: Averbakh Variation} (10... Nb6 11. dxe5 Be6 12. Bxb6 axb6 13. exd6 Bxc4 14. dxc7 Qxc7 15. Re1 Nb4 16. Nd5 Nxd5 17. exd5 Qc5 18. Nd4 Rfe8 19. Ne6 Qd6 20. Qc2 Bxa2 21. b3 Qa3 22. Qc7 Bf8 23. Nxf8 Qxf8 24. Rxe8 Qxe8 25. Qc2 {1-0 (25) Gharibyan,M (2275)-Inants,A (2314) Yerevan 2018}) 11. d5 Ne7 12. Qd2 g5 {White is slightly better.} 13. h4 a6 $146 ({Predecessor:} 13... Rf7 14. Rad1 Nf8 15. Rc1 Bg4 16. Nh2 Bd7 17. hxg5 hxg5 {1-0 (43) Drabek,M (2060)-Kramolis,P (1775) Ostrava 2010}) 14. b4 Ng6 15. c5 Re8 (15... Rf7 $14) 16. h5 Nf4 17. gxf4 gxf4 18. Nh4 Nf8 (18... f5 $14 19. Nxf5 Nf6) 19. cxd6 cxd6 20. Bc5 b6 21. Bxd6 Qxd6 22. a3 Bg4 23. f3 Bd7 24. Kh2 Nh7 25. Bh3 $1 Bxh3 26. Kxh3 Ng5+ 27. Kg2 Qd7 28. Nf5 Kh8 29. Rac1 Rg8 30. d6 Bf8 31. Kh1 $36 {[%mdl 2048] White has the initiative.} Qf7 32. Nd5 $2 (32. Qa2 $11 Ne6 33. Nd5) 32... Rd8 $2 (32... Nxf3 $1 $19 33. Rxf3 Qxh5+ {[%mdl 64] Double Attack} 34. Nh4 Qxh4+ 35. Qh2 Qg4) 33. Rc7 $14 Qxh5+ (33... Qe6 $1 $14) 34. Qh2 $16 Qxh2+ 35. Kxh2 Bxd6 36. Rc6 {[%mdl 64] Double Attack} Bf8 37. Rxb6 Rc8 (37... Nh7 $16) 38. Rf2 $2 (38. Rxf6 Nh7 $11) (38. Rxa6 Rc2+ 39. Kh1 Nh3 $14) ({White has to play} 38. Nxf6 $18 Rg6 39. Nh4 (39. Rxa6 Nh7 $17)) 38... a5 39. Nde7 $2 {[%mdl 8192]} (39. Nh4 $11) 39... Bxe7 $1 $19 40. Nxe7 {[#]} Rc3 $4 {[%mdl 8192]} (40... Rc2 $1 $19 {[%mdl 512] and all is fine. ( -> ...Nxf3+)} 41. Kg2 (41. Rxc2 $2 {is a self mate.} Nxf3+ 42. Kh3 Rg3#) 41... Nxe4+ {[%mdl 64] Pin, Discovered Attack} 42. Nxg8 Rxf2+ 43. Kg1 Rxf3 44. Nxf6 Nxf6 45. Rxf6 Rxa3 46. bxa5 Rxa5) 41. Nxg8 $18 Kxg8 {[%mdl 4096] Endgame KRR-KRN} 42. Kg2 ({Don't play} 42. Rxf6 $6 Nxf3+ 43. Kh1 Kg7 $11) ({White should try} 42. bxa5 $16 {Hoping for a4.} Nxf3+ 43. Kh1) 42... Kg7 43. bxa5 {Threatens to win with a4.} Rxa3 44. a6 (44. Ra6 $1 $16) 44... h5 (44... Kg6 $1 $11) 45. Rc2 (45. Rb7+ $14 Kg6 46. a7) 45... Nxf3 $11 46. Rc7+ Kg6 {...Ng5 is the strong threat.} 47. a7 {Black must now prevent Rb8.} Ng5 {aiming for ...f3+.} 48. Rb8 f3+ 49. Kh2 Ra2+ 50. Kg1 $2 (50. Kh1 $1 $11 {and White is okay.} Ra1+ 51. Kh2) 50... Nh3+ $19 51. Kh1 {[#]} f2 $1 {[%cal Rf2f1]} 52. Kg2 $2 {[%mdl 8192] [#]} (52. Rg8+ $17 Kh6 53. Rc1 (53. Kg2 $2 Ra1 $19) 53... Rxa7 54. Kg2) 52... Ra1 $1 {Black mates.} 53. Rg8+ Kh6 54. Kg3 Rg1+ 55. Kh2 Rxg8 {KRN-KR} 56. Rc1 Ng5 57. a8=Q Rxa8 58. Kg3 Nxe4+ 59. Kh4 Rg8 60. Rb1 Rg1 61. Rb8 Rh1# {[%mdl 32768] Accuracy: White = 37%, Black = 47%. . Loss on time!?} 1-0